Prof. G Ram Reddy Library

Advanced nuclear physics (Record no. 93106)

MARC details
000 -LEADER
fixed length control field 00558nam a2200193Ia 4500
003 - CONTROL NUMBER IDENTIFIER
control field LDD
008 - FIXED-LENGTH DATA ELEMENTS--GENERAL INFORMATION
fixed length control field 181029s9999 xx 000 0 und d
020 ## - INTERNATIONAL STANDARD BOOK NUMBER
International Standard Book Number 9788180302626
Terms of availability 790.00
040 ## - CATALOGING SOURCE
Transcribing agency LDD
100 ## - MAIN ENTRY--PERSONAL NAME
Personal name Sharma, Shriram
245 #0 - TITLE STATEMENT
Title Advanced nuclear physics
Statement of responsibility, etc. Shriram Sharma
260 ## - PUBLICATION, DISTRIBUTION, ETC.
Place of publication, distribution, etc. New Delhi
Name of publisher, distributor, etc. Campus Books International
Date of publication, distribution, etc. 2010
300 ## - PHYSICAL DESCRIPTION
Extent 276p.
365 ## - TRADE PRICE
Price amount 790.00
901 ## - LOCAL DATA ELEMENT A, LDA (RLIN)
a 6298
b 28-09-2010
902 ## - LOCAL DATA ELEMENT B, LDB (RLIN)
a SBS/D/170/2010
b 27-10-2010
c F
d SBS
e 53
903 ## - LOCAL DATA ELEMENT C, LDC (RLIN)
a Discount-15
b Reqst by : S. Gupta
942 ## - ADDED ENTRY ELEMENTS (KOHA)
Source of classification or shelving scheme Dewey Decimal Classification
Koha item type Books
Holdings
Withdrawn status Lost status Source of classification or shelving scheme Damaged status Not for loan Home library Current library Total Checkouts Full call number Barcode Date last seen Price effective from Koha item type
No   Dewey Decimal Classification     Library and Documentation Division Library and Documentation Division   539.7 Sh23A 076440 11/01/2018 11/01/2018 Books

© Prof. G Ram Reddy Centre Library, Indira Gandhi National Open University, Maidan Garhi, New Delhi, 110068
+91-011-29532797 | FAX+91-011-29533393 |